| 000 | 00884cam a22002894a 4500 | ||
|---|---|---|---|
| 001 | 38799 | ||
| 005 | 20230411085759.0 | ||
| 008 | 020909s2002 fr ab d 000 0 fre | ||
| 010 | _a 2002508143 | ||
| 035 | _a(OCoLC)ocm50643371 | ||
| 040 |
_aDLC _cDLC _dTZT _dCLU _dB2Q _dAUXAM _dNLGGC _dDRFGD |
||
| 020 | _a2259197604 | ||
| 020 | _a9782259197601 | ||
| 035 | _a(OCoLC)50643371 | ||
| 042 | _apcc | ||
| 050 | 1 | 4 |
_aR BP 40 _bD554 2002 |
| 049 | _aGRAL | ||
| 245 | 0 | 0 |
_aDictionnaire mondial de l'islamisme / _cAbou Diab, Khatta ... [et al.] ; sous la direction d'Antoine Sfeir et des Cahiers de l'Orient. |
| 260 |
_a[Paris] : _bPlon, _cc2002. |
||
| 300 |
_a518 p. : _bill., map ; _c21 cm. |
||
| 650 | 0 |
_aIslam _vDictionaries _xFrench. |
|
| 700 | 1 | _aSfeir, Antoine. | |
| 700 | 1 | _aAbou Diab, Khattar. | |
| 730 | 0 | _aCahiers de l'Orient. | |
| 942 |
_2lcc _cbk |
||
| 994 |
_aC0 _bDRFGD |
||
| 999 |
_c107279 _d107279 |
||